Vplyv členstva SR v EÚ na výkonnosť ekonomiky a proces konvergencie

Investície do ľudského kapitálu ako nevyhnutný predpoklad zvyšovania výkonnosti ekonomiky. Verejné výdavky na vzdelávanie vo vybraných krajinách EÚ (2002-2011). Výdavky na vedu a výskum (2006-2016). Racionálna alokácia a efektívne využívanie zdrojov v intenciách technologického rozvoja.

Gespeichert in:
Bibliographische Detailangaben
1. Verfasser: Lisý, Ján
Format: Buchkapitel
Sprache:Slowakisch
Schlagworte:
Tags: Tag hinzufügen
Keine Tags, Fügen Sie das erste Tag hinzu!

MARC

LEADER 00000naa$a2200000$$$4500
001 0256002
005 20240502074054.7
041 0 |a slo 
044 |a SK 
245 1 0 |a Vplyv členstva SR v EÚ na výkonnosť ekonomiky a proces konvergencie  |c Ján Lisý 
520 |a Investície do ľudského kapitálu ako nevyhnutný predpoklad zvyšovania výkonnosti ekonomiky. Verejné výdavky na vzdelávanie vo vybraných krajinách EÚ (2002-2011). Výdavky na vedu a výskum (2006-2016). Racionálna alokácia a efektívne využívanie zdrojov v intenciách technologického rozvoja. 
610 2 0 |a kapitál ľudský 
610 2 0 |a vzdelávanie 
610 2 0 |a veda 
610 2 0 |a výskum 
610 2 0 |a financie 
610 2 0 |a výdavky 
610 2 0 |a rast hospodársky 
610 2 0 |a výkonnosť ekonomiky 
610 2 0 |a inovácia 
610 2 0 |a konvergencia 
100 1 |a Lisý, Ján